000 00977nam a2200301 a 4500
001 1588581
003 CO-ViMGA
005 20230915233610.0
008 190320s2017 ck gr 0001f spa d
020 _a9789583056765
040 _aCO-ViMGA
_bspa
_cCO-ViMGA
043 _ae-sp---
082 0 4 _a863.6
_bT78g
_219
100 1 _aTrujillo Sanz, Fernando,
_d1973-
_9461
245 1 3 _aLa Guerra de los cielos /
_cFernando Trujillo, Cesar Garcia.
250 _aEdicion̤ Margarita Montenegro Villalba.
260 _aBogota :̀
_bPanamericana Editorial,
_c2017.
300 _a494 paginas ;
_c23 cm.
490 0 _aNarrativa contemporaǹea ;
_v1
650 1 4 _aAngeles
_v Novela.
_9466
650 1 4 _aCielo
_v Novela.
_9465
650 1 4 _aDemonologia
_v Novela.
_9464
650 1 4 _aLo sobrenatural
_v Novela.
_9463
650 1 4 _aNovela española.
_9462
700 1 _aGarca̕ Muǫz, Cšar.
_9467
700 1 _aMontenegro Villalba, Margarita,
_eeditora.
_9131
942 _2ddc
_cBK
999 _c37230
_d37230